|
|
|
|
| LEADER |
00000nam a2200000 a 4500 |
| 001 |
vtls001171520 |
| 003 |
SK-MaSNL |
| 005 |
20260301112120.0 |
| 008 |
240315s1962 CS 0 cze |
| 035 |
|
|
|a SNK000114501
|
| 040 |
|
|
|a SNK
|b slo
|c SNK
|e AACR2
|
| 041 |
0 |
|
|a cze
|
| 044 |
|
|
|a [CS]
|
| 080 |
|
|
|a 624.014.2.023(075.8)
|2 1981
|
| 100 |
1 |
|
|a Bártlová, Alice,
|d 1928-1991
|4 aut
|9 97548
|
| 245 |
1 |
|
|a Pomůcka pro návrh ocelových hal
|b Určeno pro posl. fak. stavební
|c Alice Bártlová
|
| 250 |
|
|
|a 1. vyd.
|
| 260 |
|
|
|a Praha
|b SNTL
|a Praha
|b Čes. vys. učení techn. [vyd.]
|c 1962
|e S.l.Rozmn. KNT
|f Rozmn. KNT
|
| 300 |
|
|
|a 80 s.
|c 4°
|e 5 s. obr. příl. [3] pl.
|
| 490 |
0 |
|
|a Učební texty vys. škol
|
| 500 |
|
|
|a Ofset
|
| 999 |
|
|
|c 709507
|d 711437
|
| 952 |
|
|
|t P60, <04>, [BOOK], {604}
|a SNK
|b SNK
|y VYP
|7 0
|p 17A0245463
|o snkIB 13188
|0 0
|1 0
|4 0
|d 2000-07-19
|l 0
|r 2005-01-01 00:00:00
|w 2026-02-23
|